Zriadenie, hospodárenie a zrušenie rozpočtovej a príspevkovej organizácie

Zriadenie, hospodárenie a zrušenie rozpočtovej aj príspevkovej organizácie je upravené v zákone č. 523/2004 Z. z. o rozpočtových pravidlách verejnej správy a o zmene a doplnení niektorých zákonov v znení neskorších predpisov.

Salvato in:
Dettagli Bibliografici
Autore principale: Petrášová, Tatiana
Natura: Capitolo di libro
Lingua:slovacco
Soggetti:
Tags: Aggiungi Tag
Nessun Tag, puoi essere il primo ad aggiungerne!!

MARC

LEADER 00000naa a2200000 4500
001 0191216
005 20231204111810.0
041 0 |a slo 
044 |a SK 
245 1 0 |a Zriadenie, hospodárenie a zrušenie rozpočtovej a príspevkovej organizácie  |c Tatiana Petrášová 
520 |a Zriadenie, hospodárenie a zrušenie rozpočtovej aj príspevkovej organizácie je upravené v zákone č. 523/2004 Z. z. o rozpočtových pravidlách verejnej správy a o zmene a doplnení niektorých zákonov v znení neskorších predpisov. 
610 2 0 |a Slovensko 
610 2 0 |a zákony 
610 2 0 |a organizácie rozpočtové 
610 2 0 |a organizácie príspevkové 
610 2 0 |a pravidlá rozpočtové 
610 2 0 |a správa verejná 
100 1 |a Petrášová, Tatiana